Anorexia : los factores socioculturales de riesgo / José Fernando Uribe Merino (Registro nro. 32139)
[ vista simple ]
| 000 -LÍDER | |
|---|---|
| Campo fijo de descripción fija | 011580000a22002050004500 |
| 020 ## - NÚMERO INTERNACIONAL NORMALIZADO PARA LIBROS | |
| Número Internacional Normalizado del libro | 978-958-714-019-43 : |
| -- | 2.400 |
| 082 04 - NÚMERO DE CLASIFICACIÓN DECIMAL DEWEY | |
| Número de clasificación | G 362 U762a |
| 001 - NÚMERO DE CONTROL | |
| Campo de control | 653 |
| 100 1# - ASIENTO PRINCIPAL--NOMBRE PERSONAL | |
| Nombre personal | Uribe Merino, José |
| 245 10 - TÍTULO | |
| Título del Material | Anorexia : los factores socioculturales de riesgo / José Fernando Uribe Merino |
| 260 ## - PUBLICACIÓN, DISTRIBUCIÓN, ETC. (PIE DE IMPRENTA) | |
| Lugar de publicación, distribución, etc. | Medellín, Ant. : Universidad de Antioquia |
| 300 ## - DESCRIPCIÓN FÍSICA | |
| Extensión | 254 p. |
| 336 ## - CONTENT TYPE | |
| Content type term | texto |
| Content type code | txt |
| Source | rdacontent |
| 337 ## - MEDIA TYPE | |
| Source | rdamedia |
| Media type term | sin mediación |
| Media type code | n |
| 338 ## - CARRIER TYPE | |
| Source | rdacarrier |
| Carrier type term | volumen |
| Carrier type code | nc |
| 505 00 - NOTA DE CONTENIDO | |
| Nota de contenido con formato preestablecido | Factores de riesgo particulares a la ciudad de Medellín - La ciudad, violencia e imaginarios - La anorexia. De las interpretaciones clínicas y psicológicas a los enfoques cultural y social - Los jóvenes de las comunas. La construcción de identidades itinerarios corporales de riesgo de anorexia. |
| 650 14 - ASIENTO SECUNDARIO DE MATERIA - TERMINO TEMÁTICO | |
| Término temático o nombre geográfico como elemento de entrada | ANOREXIA \ IMAGEN CORPORAL \ OBESIDAD - ASPECTOS PSICOLOGICOS \ TRASTORNOS DE ALIMENTACION \ CULTURA Y CUERPO \ IDENTIDAD CORPORAL \ HABITOS ALIMENTICIOS \ MEDELLIN - CONDICIONES SOCIOECONOMICAS \ GRUPOS SOCIALES \ ENFERMEDADES MENTALES \ FAMILIA \ MUJERES - CONDICIONES SOCIALES |
| 942 ## - TIPO DE MATERIAL (KOHA) | |
| Tipo de Item KOHA | Libros General |
| Estado de Material | Estado de Perdido | Estado de Dañado | No para Préstamo | Colección | Tomo | Biblioteca de Origen | Biblioteca Permanente | Fecha de Adquisición | Total de Préstamos | Signatura Topográfica | Código de Barras | Última vez visto | Última vez Préstado | Ejemplar/Existencia | Fecha de Remplazo | Tipo de Material |
|---|---|---|---|---|---|---|---|---|---|---|---|---|---|---|---|---|
| Colección General | Biblioteca FUSBC | Biblioteca FUSBC | 02/12/2009 | 1 | G 362 U762a | 17076 | 12/12/2019 | 31/10/2016 | 1 | 26/01/2016 | Libros General |
